A wizard of Earthsea / (Record no. 2517)

MARC details
000 -LEADER
fixed length control field 01050cam a2200241 4500
005 - DATE AND TIME OF LATEST TRANSACTION
control field 20231213145748.0
020 ## - INTERNATIONAL STANDARD BOOK NUMBER
International Standard Book Number 0140304770
040 ## - CATALOGING SOURCE
Original cataloging agency DLC
Transcribing agency DLC
Modifying agency DLC
Language of cataloging eng
050 00 - LIBRARY OF CONGRESS CALL NUMBER
Classification number PZ7.L5215
Item number Wi4
100 1# - MAIN ENTRY--PERSONAL NAME
Personal name Le Guin, Ursula K.
Dates associated with a name 1929-2018.
245 12 - TITLE STATEMENT
Title A wizard of Earthsea /
Statement of responsibility, etc. Ursula K. LeGuin; drawings by Ruth Robbins
250 ## - EDITION STATEMENT
Edition statement Bantam edition / August 1975
260 ## - PUBLICATION, DISTRIBUTION, ETC.
Place of publication, distribution, etc. New York :
Name of publisher, distributor, etc. Bantam Books
Date of publication, distribution, etc. 1971
300 ## - PHYSICAL DESCRIPTION
Extent 205 pages :
Other physical details illustrations ; maps ;
Dimensions 18 cm
490 0# - SERIES STATEMENT
Series statement Puffin books
505 ## - FORMATTED CONTENTS NOTE
Formatted contents note Z
520 ## - SUMMARY, ETC.
Summary, etc. Ged was the greatest sorcerer in all Earthsea, but once he was called Sparrowhawk, a reckless youth, hungry for power and knowledge, who tampered with long-held secrets and loosed a terrible shadow upon the world. This is the tale of his testing, how he mastered the mighty words of power, tamed an ancient dragon, and crossed death's threshold to restore the balance.
521 ## - TARGET AUDIENCE NOTE
Target audience note 1150
Source Lexile
521 ## - TARGET AUDIENCE NOTE
Target audience note Z
Source Raz-Plus
906 ## - LOCAL DATA ELEMENT F, LDF (RLIN)
a 7
b cbc
c orignew
d 3
e ncip
f 19
g y-gencatlg
942 ## - ADDED ENTRY ELEMENTS (KOHA)
Source of classification or shelving scheme Dewey Decimal Classification
Koha item type Books
Suppress in OPAC No
999 ## -
-- 2517
-- 2517
Holdings
Withdrawn status Lost status Source of classification or shelving scheme Damaged status Not for loan Collection Home library Current library Shelving location Date acquired Total Checkouts Full call number Barcode Date last seen Price effective from Koha item type
    Dewey Decimal Classification     Fiction Footprints International School Library Network Toul Kork Campus Footprints International School Library Network Toul Kork Campus TTP Secondary Fiction Bookshelves 12/14/2023   LEG 813 PZ7.L5215 FIS00942 12/14/2023 12/14/2023 Books